MLB First Names - Statistics

General Stats
  • This quiz has been taken 83 times
    42 since last reset
  • The average score is 32 of 48
Answer Stats
First Name Last Name % Correct
Brooks Robinson
100%
Jackie Robinson
100%
Babe Ruth
100%
Hank Aaron
94%
Randy Johnson
94%
Walter Johnson
94%
Chipper Jones
94%
Cy Young
94%
Roberto Clemente
91%
Mickey Mantle
91%
Pedro Martinez
91%
Mariano Rivera
91%
Honus Wagner
91%
Yogi Berra
88%
Catfish Hunter
88%
Stan Musial
82%
Satchel Paige
82%
Rollie Fingers
79%
Sandy Koufax
76%
Whitey Ford
70%
Goose Gossage
70%
Lefty Grove
70%
Tris Speaker
67%
Wade Boggs
64%
Ty Cobb
64%
Lee Smith
64%
Kirby Puckett
61%
Fergie Jenkins
58%
Christy Mathewson
58%
Al Kaline
55%
Hack Wilson
55%
Cap Anson
52%
Rod Carew
52%
Dizzy Dean
52%
Warren Spahn
52%
Robin Yount
52%
Mel Ott
48%
Orlando Cepeda
45%
Duke Snider
45%
Nellie Fox
42%
Roger Maris
39%
Mike Schmidt
39%
Carl Yastrzemski
39%
Roy Halladay
36%
Enos Slaughter
33%
Old Hoss Radbourn
27%
Monte Irvin
24%
Red Schoendienst
15%
No matching quizzes found
Score Distribution
Percent of People with Each Score
Percentile by Number Answered
Your Score History
You have not taken this quiz since the last reset